Statistiken für Größte Stadt beginnent mit K in Diesem Land #2

Klicken Sie hier um das Quiz zu spielen!

Allgemein

  • Dieses Quiz wurde 171 mal gespielt
  • Das Durchschnittsergebnis liegt bei 8 aus 15

Antwortstatistiken

LandK-Stadt% Korrekt
ÄgyptenKairo
100%
DänemarkKopenhagen
96%
UkraineKiew
91%
PolenKrakau
83%
SüdafrikaKapstadt
77%
ÖsterreichKlagenfurt
71%
UgandaKampala
70%
RuandaKigali
70%
SudanKhartum
59%
Vereinigte StaatenKansas City
42%
RusslandKasan
33%
FinnlandKuopio
22%
KroatienKarlovac
5%
SerbienKragujevac
4%
IranKaradsch
1%

Verteilung der Resultate

Perzentil nach korrekt beantworteten Fragen

Anzahl Personen mit jedem Resultat

Ihre Resultats-Entwicklung

Sie haben dieses Quiz noch nicht gespielt